[Event "Twente Young Master op-E"]
[Site "Twente"]
[Date "2007.08.10"]
[Round "2"]
[White "Piket, Thijmen"]
[Black "Damen, Jip"]
[Result "0-1"]
[WhiteElo "1066"]
[BlackElo "1349"]
[PlyCount "40"]
[EventDate "2007.08.08"]
[EventType "swiss"]
[EventRounds "5"]
[EventCountry "NED"]
[SourceTitle "EXT 2008"]
[Source "ChessBase"]
[SourceDate "2007.11.25"]
[SourceVersion "1"]
[SourceVersionDate "2007.11.25"]
[SourceQuality "1"]

1. e4 e5 2. Nc3 f5 3. Nf3 Nc6 4. Bb5 fxe4 5. Nxe4 d5 6. Bxc6+ bxc6 7. Nc3 Bg4 8. d3 Bb4 9. 0-0 Nf6 10. h3 Bh5 11. Qe1 0-0 12. a3 Bxc3 13. Qxc3 Bxf3 14. gxf3 Qd6 15. b3 Nh5 16. Bb2 Qg6+ 17. Kh2 Rxf3 18. Rg1 Rxf2+ 19. Kh1 Ng3+ 20. Rxg3 Qxg3 0-1